00286nam a2200121Ia 4500008004100000041000900041082001500050100002400065245002000089260003900109300000800148650000800156230718s9999 xx 000 0 und d aEng. a340bSAU-P aSaud, Malik. m (ed) 0aP. L. D. (1989) aPakistanbAll Palastan legalc1989 a372 aLaw